000 00789cab a2200229 4500
001 ABS37891
008 090401t1987 xxu||||| |||| 00| 0 eng d
035 _a(Sirsi) u7440
041 _aeng
100 _aYoung, E.
245 _aStone-cleaning
260 _c1987
350 _a0
490 _aEstates Gazette
_v283(6345) 1 August 1987, 540-541(2)
520 _aDiscusses the implications of three appeals to the Secretary of State for Scotland , and one case in Glasgow Sheriff Court, which concerned the issue of whether permission or consent under town and country planning legislation on stone cleaning is required.
650 _aCLEANING
650 _aLISTED BUILDINGS
650 _aPLANNING PERMISSION
690 _aBUILT ENVIRONMENT
942 _n0
948 _c04/03/1997
999 _c4495
_d4495